Флаги азии - Statistics

General Stats
  • This quiz has been taken 142 times
  • The average score is 39 of 50
Answer Stats
Picture Answer % Correct
Азербайджан
100%
Индия
96%
Казахстан
94%
Катар
94%
Армения
93%
Грузия
93%
Израиль
93%
Бангладеш
91%
Вьетнам
91%
Китай
90%
Ирак
89%
Кипр
89%
Индонезия
86%
Иран
86%
Монголия
86%
Южная корея
86%
Бутан
83%
Россия
83%
Иордания
80%
Кыргызстан
80%
Непал
80%
Пакистан
80%
Саудовская аравия
80%
Йемен
79%
Бахрейн
77%
Палестина
77%
Ливан
77%
Камбоджа
76%
Кндр
76%
Малайзия
74%
Оаэ
73%
Лаос
71%
Мальдивы
71%
Сингапур
71%
Сирия
71%
Турция
71%
Восточный тимор
70%
Кувейт
70%
Мьянма
70%
Япония
70%
Афганистан
69%
Узбекистан
69%
Бруней
67%
Таджикистан
66%
Оман
64%
Таиланд
63%
Шри ланка
63%
Тайвань
61%
Филиппины
60%
Турменистан
20%
No matching quizzes found
Score Distribution
Percent of People with Each Score
Percentile by Number Answered
Your Score History
You have not taken this quiz